书目信息 |
| 题名: |
现代运动生物力学
|
|
| 作者: | 郑秀瑷 编著 | |
| 分册: | ||
| 出版信息: | 北京 国防工业出版社 2002 |
|
| 页数: | 429页 | |
| 开本: | 20cm | |
| 丛书名: | ||
| 单 册: | ||
| 中图分类: | G804.6 | |
| 科图分类: | ||
| 主题词: | 运动生物力学 | |
| 电子资源: | ||
| ISBN: | 7-118-02926-2 | |
| 000 | 00570nam0 2200193 45 | |
| 001 | 0309170665 | |
| 005 | 20031219104114.9 | |
| 010 | @a7-118-02926-2@b精装@dCNY28.00 | |
| 100 | @a20030917d2002 km y0chiy0120 ea | |
| 101 | 0 | @achi |
| 105 | @aa z 000yy | |
| 200 | 1 | @a现代运动生物力学@AXian Dai Yun Dong Sheng Wu Li Xue@f郑秀瑷等编著@FZheng Xiu Ai Deng Bian Zhu |
| 210 | @a北京@c国防工业出版社@d2002 | |
| 215 | @a429页@d20cm | |
| 606 | 0 | @a运动生物力学 |
| 690 | @aG804.6@v4 | |
| 701 | 0 | @a郑秀瑷@4编著 |
| 801 | @aCN@bTSTC@c20030917 | |
| 905 | @b325522-526@dG804.6@e111@f5 | |
| 现代运动生物力学/郑秀瑷等编著.-北京:国防工业出版社,2002 |
| 429页;20cm |
| ISBN 7-118-02926-2(精装):CNY28.00 |
| ● |
| 相关链接 |
|
|
|
|
正题名:现代运动生物力学
索取号:G804.6/111
 
预约/预借
| 序号 | 登录号 | 条形码 | 馆藏地/架位号 | 状态 | 备注 |
| 1 | 0325522 | 203255226 | 第四借阅区/ [索取号:G804.6/111] | 在馆 | |
| 2 | 0325523 | 203255235 | 第四借阅区/ [索取号:G804.6/111] | 在馆 | |
| 3 | 0325524 | 203255244 | 密集书库/ [索取号:G804.6/111] | 在馆 | |
| 4 | 0325525 | 203255253 | 密集书库/ [索取号:G804.6/111] | 在馆 | |
| 5 | 0325526 | 203255262 | 第一样本阅览室/ [索取号:G804.6/111] | 在馆 |